| 000 | 00392nam a22001337a 4500 | ||
|---|---|---|---|
| 999 |
_c2647 _d2647 |
||
| 008 | 200312b ||||| |||| 00| 0 eng d | ||
| 082 | 0 | 0 |
_a507.12 _bS8361 |
| 100 |
_92241 _aStephenson, J. P. |
||
| 245 | 1 | 0 |
_aSuggestions for science teachers in devasted countries _cby J. P. Stephenson |
| 260 |
_aParis _bUNESCO _c1951 |
||
| 300 | _a88 p. | ||
| 650 | 0 | _aScience - Study and Teaching | |
| 942 | _cBK | ||